O scurta istorie a romanilor (Înregistrare nr. 16)

Detalii MARC
000 -LEADER
fixed length control field 00324nam a2200145 a 4500
005 - DATE AND TIME OF LATEST TRANSACTION
control field 20260702181355.0
020 ## - INTERNATIONAL STANDARD BOOK NUMBER
International Standard Book Number 9786066781234
041 0# - LANGUAGE CODE
Language code of text/sound track or separate title ron
100 1# - MAIN ENTRY--PERSONAL NAME
Personal name Djuvara, Neagu
245 10 - TITLE STATEMENT
Title O scurta istorie a romanilor
260 ## - PUBLICATION, DISTRIBUTION, ETC.
Place of publication, distribution, etc. Bucuresti
Name of publisher, distributor, etc. Humanitas
Date of publication, distribution, etc. 2014
300 ## - PHYSICAL DESCRIPTION
Extent 288 p.
650 #0 - SUBJECT ADDED ENTRY--TOPICAL TERM
Topical term or geographic name entry element Istorie romaneasca
942 ## - ADDED ENTRY ELEMENTS (KOHA)
Koha item type Carte
Exemplare
Withdrawn status Lost status Damaged status Not for loan Home library Current library Date acquired Total checkouts Barcode Date last seen Price effective from Koha item type
        Biblioteca Comunală Joseni Biblioteca Comunală Joseni 07/02/2026   ARTABHR0216 07/02/2026 07/02/2026 Carte
        Biblioteca Județeană Kájoni János Biblioteca Județeană Kájoni János 07/02/2026   ARTABJHR16 07/02/2026 07/02/2026 Carte